000
00273nam a22001217a 4500
008
171103b xxu||||| |||| 00| 0 eng d
041
_a
eng
080
_a
339.138
100
_a
60
101
_a
MAR
245
_a
FOUNDATIONS MARKETING CHANELLS
_c
NINA.J.T
942
_2
udc
_c
BK
999
_c
37430
_d
37430